000 00557nam a2200205Ia 4500
003 GCL
008 140319s9999 xx 000 0 eng d
040 _aGCL /
_cGCL
082 0 4 _a218.2
_bS B
100 1 _aSWEET, BETTY R.
245 1 0 _aBAILLIERE'S: MIDEIVES' DICTIONARY /
_cSWEET, BETTY R.
260 _a[S.N] :
_bELBS BAILLIERE TINDALL ،
_c1994
300 _a544\P
650 0 4 _aMEDICINE
650 0 4 _aENCYCLOPEDIAS AND DICTIONARIES
650 0 4 _aOBSTETRICS
650 0 4 _aMIDWIVES - DICTIONARIES
650 0 4 _aFAMILY PLANNING
942 _2ddc
_cBK
999 _c20013
_d20013